000 00525nam a22001817a 4500
003 OSt
005 20250123173215.0
008 250123b |||||||| |||| 00| 0 eng d
020 _a9789389183917
082 _a741.6
_bB85G
100 _aBuddhavarapu, Pavalan
245 _aGraphic design and print producation
_cby Pavalan Buddhavarapu and Nagulan Bhogaraju
260 _aNew Delhi
_bWordpen Academics
_c2025
300 _a211p.
_bHB
653 _aGraphic Design
700 _eAuthor
_aBhogaraju, Nagulan
942 _2ddc
_cBK
999 _c28128
_d28128